<?xml version="1.0" encoding="UTF-8"?>
<record
    xmlns:xsi="http://www.w3.org/2001/XMLSchema-instance"
    xsi:schemaLocation="http://www.loc.gov/MARC21/slim http://www.loc.gov/standards/marcxml/schema/MARC21slim.xsd"
    xmlns="http://www.loc.gov/MARC21/slim">

  <leader>01393nam a22002777a 4500</leader>
  <datafield tag="999" ind1=" " ind2=" ">
    <subfield code="c">72196</subfield>
    <subfield code="d">72196</subfield>
  </datafield>
  <controlfield tag="005">20191115164547.0</controlfield>
  <datafield tag="010" ind1=" " ind2=" ">
    <subfield code="a">HIN-97726     B-730926</subfield>
  </datafield>
  <datafield tag="020" ind1=" " ind2=" ">
    <subfield code="c">300.00</subfield>
    <subfield code="a">9789381063309</subfield>
  </datafield>
  <datafield tag="035" ind1=" " ind2=" ">
    <subfield code="a">HN-70072</subfield>
  </datafield>
  <datafield tag="035" ind1=" " ind2=" ">
    <subfield code="a">B-730926</subfield>
  </datafield>
  <datafield tag="037" ind1=" " ind2=" ">
    <subfield code="b">DBAD / PUB</subfield>
  </datafield>
  <datafield tag="037" ind1=" " ind2=" ">
    <subfield code="b">&#x921;&#x940;.&#x92C;&#x940;.&#x90F;.&#x921;&#x940;./ &#x909;&#x92A;&#x939;&#x93E;&#x930;</subfield>
  </datafield>
  <datafield tag="082" ind1=" " ind2=" ">
    <subfield code="a">&#x909;</subfield>
  </datafield>
  <datafield tag="100" ind1=" " ind2=" ">
    <subfield code="a">&#x917;&#x941;&#x92A;&#x94D;&#x924;&#x93E;, &#x930;&#x947;&#x923;&#x941;  '&#x930;&#x93E;&#x91C;&#x935;&#x902;&#x936;&#x940; ' </subfield>
  </datafield>
  <datafield tag="245" ind1=" " ind2=" ">
    <subfield code="a">&#x92E;&#x943;&#x924;&#x94D;&#x92F;&#x94B;&#x930;&#x94D;&#x92E;&#x93E;&#x92E;&#x943;&#x924;&#x902; &#x917;&#x92E;&#x92F;&#x903;</subfield>
    <subfield code="c">&#x930;&#x947;&#x923;&#x941;  '&#x930;&#x93E;&#x91C;&#x935;&#x902;&#x936;&#x940; ' &#x917;&#x941;&#x92A;&#x94D;&#x924;&#x93E;; &#x936;&#x94B;&#x92D;&#x93E; &#x92A;&#x91F;&#x947;&#x932; &#x90F;&#x935;&#x902; &#x936;&#x941;&#x92D;&#x94D;&#x930;&#x93E; &#x936;&#x930;&#x94D;&#x92E;&#x93E;</subfield>
    <subfield code="b">&#x938;&#x94D;&#x924;&#x928;-&#x915;&#x948;&#x902;&#x938;&#x930; &#x92A;&#x930; &#x90F;&#x915; &#x936;&#x94B;&#x927;&#x92A;&#x930;&#x915; &#x909;&#x92A;&#x928;&#x94D;&#x92F;&#x93E;&#x938; /</subfield>
  </datafield>
  <datafield tag="246" ind1=" " ind2=" ">
    <subfield code="a">Mrityoramamritam Gamya</subfield>
    <subfield code="b">by Renu 'Rajvanshi' Gupta</subfield>
  </datafield>
  <datafield tag="260" ind1=" " ind2=" ">
    <subfield code="b">&#x917;&#x94D;&#x930;&#x902;&#x925; &#x905;&#x915;&#x93E;&#x926;&#x92E;&#x940;</subfield>
    <subfield code="c">2012</subfield>
    <subfield code="a">&#x928;&#x908; &#x926;&#x93F;&#x932;&#x94D;&#x932;&#x940;</subfield>
  </datafield>
  <datafield tag="270" ind1=" " ind2=" ">
    <subfield code="a">1695 &#x92A;&#x941;&#x930;&#x93E;&#x928;&#x93E; &#x926;&#x930;&#x93F;&#x92F;&#x93E;&#x917;&#x902;&#x91C;</subfield>
    <subfield code="b">&#x928;&#x908; &#x926;&#x93F;&#x932;&#x94D;&#x932;&#x940;</subfield>
    <subfield code="e">110002</subfield>
  </datafield>
  <datafield tag="300" ind1="1" ind2=" ">
    <subfield code="a">230&#x92A;&#x943;.</subfield>
    <subfield code="c">22&#x938;&#x947;&#x92E;&#x940; (&#x938;&#x91C;&#x93F;&#x932;&#x94D;&#x926;)</subfield>
  </datafield>
  <datafield tag="650" ind1=" " ind2=" ">
    <subfield code="a">Hindi Novel</subfield>
  </datafield>
  <datafield tag="650" ind1=" " ind2=" ">
    <subfield code="a">&#x939;&#x93F;&#x928;&#x94D;&#x926;&#x940; &#x915;&#x925;&#x93E; &#x938;&#x93E;&#x939;&#x93F;&#x924;&#x94D;&#x92F;</subfield>
  </datafield>
  <datafield tag="700" ind1=" " ind2=" ">
    <subfield code="9">27483</subfield>
    <subfield code="a">&#x92A;&#x91F;&#x947;&#x932;, &#x936;&#x94B;&#x92D;&#x93E; </subfield>
  </datafield>
  <datafield tag="700" ind1=" " ind2=" ">
    <subfield code="a">&#x936;&#x930;&#x94D;&#x92E;&#x93E;, &#x936;&#x941;&#x92D;&#x94D;&#x930;&#x93E; </subfield>
    <subfield code="9">54344</subfield>
  </datafield>
  <datafield tag="942" ind1=" " ind2=" ">
    <subfield code="a">dpl</subfield>
    <subfield code="c">HN</subfield>
    <subfield code="2">ddc</subfield>
    <subfield code="m">&#x917;&#x941;&#x92A;&#x94D;&#x924;&#x93E;&#x930;&#x947;</subfield>
    <subfield code="h">&#x909;</subfield>
  </datafield>
  <datafield tag="952" ind1=" " ind2=" ">
    <subfield code="0">0</subfield>
    <subfield code="1">0</subfield>
    <subfield code="2">ddc</subfield>
    <subfield code="4">0</subfield>
    <subfield code="7">1</subfield>
    <subfield code="8">FIC</subfield>
    <subfield code="a">DBAD</subfield>
    <subfield code="b">DBAD</subfield>
    <subfield code="d">2012-12-17</subfield>
    <subfield code="e">DBAD / PUB</subfield>
    <subfield code="g">300.00</subfield>
    <subfield code="l">0</subfield>
    <subfield code="o">&#x909; &#x917;&#x941;&#x92A;&#x94D;&#x924;&#x93E;&#x930;&#x947;</subfield>
    <subfield code="p">HN-70072</subfield>
    <subfield code="r">2012-12-17 00:00:00</subfield>
    <subfield code="t">1</subfield>
    <subfield code="v">300.00</subfield>
    <subfield code="w">2012-12-17</subfield>
    <subfield code="y">HN</subfield>
  </datafield>
  <datafield tag="952" ind1=" " ind2=" ">
    <subfield code="0">0</subfield>
    <subfield code="1">0</subfield>
    <subfield code="4">0</subfield>
    <subfield code="7">0</subfield>
    <subfield code="8">FIC</subfield>
    <subfield code="a">L</subfield>
    <subfield code="b">L</subfield>
    <subfield code="d">2019-11-15</subfield>
    <subfield code="e">&#x909;&#x92A;&#x939;&#x93E;&#x930;/13.11.19</subfield>
    <subfield code="g">300.00</subfield>
    <subfield code="l">3</subfield>
    <subfield code="o">&#x909; &#x917;&#x941;&#x92A;&#x94D;&#x924;&#x93E;&#x930;&#x947;</subfield>
    <subfield code="p">B-730926</subfield>
    <subfield code="r">2020-03-14 00:00:00</subfield>
    <subfield code="s">2020-03-04</subfield>
    <subfield code="t">1</subfield>
    <subfield code="v">300.00</subfield>
    <subfield code="w">2019-11-15</subfield>
    <subfield code="y">HN</subfield>
    <subfield code="z">&#x909;&#x92A;&#x939;&#x93E;&#x930;</subfield>
  </datafield>
</record>
